مذكرة بحياة الطفل

محفوظ في:

المؤلف الرئيسي: عبدالعزيز نظمى بيك

التنسيق: كتاب

اللغة: Undetermined

منشور في: Cairo dar alkutub almisria 1927

الوسوم: إضافة وسم

لا توجد وسوم, كن أول من يضع وسما على هذه التسجيلة!

رقم الطلب:

LEADER 00306nam a2200109Ia 4500
008 240503s9999||||xx |||||||||||||| ||und||
100 1 |a عبدالعزيز نظمى بيك 
245 1 0 |a مذكرة بحياة الطفل 
264 1 |a Cairo  |b dar alkutub almisria   |c 1927 
300 |a 32  |c 18 
942 |2 lcc  |c BK 
999 |c 58337  |d 58337